| 000 | 00546nam a2200181 a 4500 | ||
|---|---|---|---|
| 005 | 20140310183141.0 | ||
| 008 | 020820s19uu xx 00 eng d | ||
| 020 | _a0312244908 | ||
| 050 |
_aHF 5549.5.M63 _b.W55 1997 |
||
| 100 | _aWillingham, Ron | ||
| 245 |
_aThe People principle : _ba revolutionary redifinition of leadership / _cRon Willingham. |
||
| 260 |
_aNew York : _bSt. Martin's Griffin, _c1997. |
||
| 300 |
_a262 p. : _bill. ; _c22 cm. |
||
| 521 | _aBSBA | ||
| 650 | _aEmployee motivation | ||
| 942 |
_cBK _2lcc _kFOR |
||
| 999 |
_c19407 _d19407 |
||